Théodore Roosevelt : Le colosse américain entre en lice

Αποθηκεύτηκε σε:
Λεπτομέρειες βιβλιογραφικής εγγραφής
Κύριος συγγραφέας: Campdell, A. E.
Μορφή: Βιβλίο
Γλώσσα:Undetermined
Έκδοση: S. Darses Rencontre Lausanne Traduction francaise 1971
Θέματα:
Ετικέτες: Προσθήκη ετικέτας
Δεν υπάρχουν, Καταχωρήστε ετικέτα πρώτοι!
Thư viện lưu trữ: Trung tâm Học liệu Trường Đại học Cần Thơ
LEADER 00658nam a2200217Ia 4500
001 CTU_77550
008 210402s9999 xx 000 0 und d
082 |a 973.91 
082 |b C187 
100 |a Campdell, A. E. 
245 0 |a Théodore Roosevelt : 
245 0 |b Le colosse américain entre en lice 
245 0 |c A. E. Campdell 
260 |a S. Darses 
260 |b Rencontre Lausanne Traduction francaise 
260 |c 1971 
650 |a Theodore roosevelt , 1858-1919.,Presidents,United states 
650 |x Politics and government 
650 |z Unitedu states 
904 |i Năm,Hải 
980 |a Trung tâm Học liệu Trường Đại học Cần Thơ